[Event "AUT-chT2W 2122"]
[Site "Austria"]
[Date "2022.02.20"]
[Round "5.2"]
[White "Gatterer, Florian"]
[Black "Donev, Ivo Hristov"]
[Result "1/2-1/2"]
[WhiteElo "2177"]
[BlackElo "2302"]
[PlyCount "56"]
[EventDate "2021.10.15"]
[EventType "team-tourn"]
[EventRounds "11"]
[EventCountry "AUT"]
[SourceTitle "EXT 2023"]
[Source "ChessBase"]
[SourceDate "2022.10.05"]
[SourceVersion "1"]
[SourceVersionDate "2022.10.05"]
[SourceQuality "1"]
[WhiteTeam "Rochade Rum"]
[BlackTeam "Wolfurt"]
[WhiteTeamCountry "AUT"]
[BlackTeamCountry "AUT"]

1. Nf3 d5 2. d4 Bf5 3. Bf4 c6 4. e3 Qb6 5. Qc1 e6 6. Be2 Nf6 7. h3 c5 8. 0-0 Nc6 9. c3 h6 10. Nbd2 Be7 11. dxc5 Qxc5 12. Bd1 0-0 13. Bc2 Bxc2 14. Qxc2 Rfd8 15. a4 Bd6 16. Nb3 Qc4 17. Nfd2 Qa6 18. Bxd6 Rxd6 19. a5 Qb5 20. Nd4 Nxd4 21. exd4 Rc8 22. Qb3 Qa6 23. Rfe1 Rdc6 24. Qd1 Qb5 25. Qb3 Qa6 26. Qd1 Qb5 27. Qb3 Qa6 28. Qd1 Qb5 1/2-1/2

[Event "AUT-chT2W 1920"]
[Site "Austria"]
[Date "2019.10.05"]
[Round "2.3"]
[White "Donev, Ivo Hristov"]
[Black "Engelhart, Achim"]
[Result "1/2-1/2"]
[WhiteElo "2319"]
[BlackElo "2055"]
[PlyCount "72"]
[EventDate "2019.10.04"]
[EventType "team-tourn"]
[EventRounds "11"]
[EventCountry "AUT"]
[SourceTitle "CBM 192 Extra"]
[Source "Chessbase"]
[SourceDate "2019.11.06"]
[SourceVersion "1"]
[SourceVersionDate "2019.11.06"]
[SourceQuality "1"]
[WhiteTeam "Wolfurt"]
[BlackTeam "Hoerbranz"]
[WhiteTeamCountry "AUT"]
[BlackTeamCountry "AUT"]

1. e4 e6 2. d4 d5 3. Nd2 Nc6 4. Ngf3 Nf6 5. e5 Nd7 6. c3 f6 7. Bb5 fxe5 8. dxe5 Be7 9. 0-0 0-0 10. Re1 a5 11. Nb3 Nc5 12. Be3 Ne4 13. Bxc6 bxc6 14. Nfd4 Bd7 15. f3 Ng5 16. Bxg5 Bxg5 17. Nc5 Qe7 18. b4 axb4 19. cxb4 Ra3 20. g3 Be3+ 21. Rxe3 Rxe3 22. a4 Rc3 23. Rc1 Rxc1 24. Qxc1 Rb8 25. Qc3 h6 26. a5 Qe8 27. a6 Ra8 28. Kg2 Ra7 29. Qd3 Bc8 30. f4 Bd7 31. Qe2 Bc8 32. Qd3 Bd7 33. Qe3 Bc8 34. Qe2 Bd7 35. Qd3 Bc8 36. Qe2 Bd7 1/2-1/2

[Event "Oberliga Wuerttemberg 1617"]
[Site "Wuerttemberg"]
[Date "2016.10.16"]
[Round "2.5"]
[White "Donev, Ivo Hristov"]
[Black "Lindner, Silvio"]
[Result "1/2-1/2"]
[WhiteElo "2329"]
[BlackElo "2202"]
[PlyCount "65"]
[EventDate "2016.09.25"]
[EventType "team-tourn"]
[EventRounds "11"]
[EventCountry "GER"]
[SourceTitle "EXT 2019"]
[Source "ChessBase"]
[SourceDate "2018.10.10"]
[SourceVersion "1"]
[SourceVersionDate "2018.10.10"]
[SourceQuality "1"]
[WhiteTeam "Jedesheim"]
[BlackTeam "Sontheim/Brenz"]
[WhiteTeamCountry "GER"]
[BlackTeamCountry "GER"]

1. e4 c6 2. d4 d5 3. exd5 cxd5 4. Bd3 Nc6 5. c3 g6 6. Bf4 Bg7 7. Nf3 Nf6 8. 0-0 0-0 9. Re1 Bf5 10. Bxf5 gxf5 11. Ne5 e6 12. Nd2 Nxe5 13. Bxe5 Ne4 14. Nxe4 Bxe5 15. Nc5 Bd6 16. Nxb7 Bxh2+ 17. Kxh2 Qc7+ 18. Kg1 Qxb7 19. Qd2 Kh8 20. Qh6 Qe7 21. Re3 Rg8 22. Rh3 Rg7 23. Re1 Qg5 24. Qxg5 Rxg5 25. Kf1 a5 26. f4 Rg4 27. g3 Kg7 28. Kf2 Rg8 29. Re3 Rh8 30. Rf3 h5 31. Ke3 Kf6 32. Kd3 h4 33. Rxh4 1/2-1/2

[Event "Bodensee-Cup"]
[Site "Bregenz"]
[Date "2016.04.22"]
[Round "1.5"]
[White "Colmenares, Aurelio"]
[Black "Donev, Ivo Hristov"]
[Result "0-1"]
[WhiteElo "2371"]
[BlackElo "2330"]
[PlyCount "86"]
[EventDate "2016.04.22"]
[EventType "team-tourn"]
[EventRounds "3"]
[EventCountry "AUT"]
[SourceTitle "EXT 2018"]
[Source "ChessBase"]
[SourceDate "2017.10.13"]
[SourceVersion "1"]
[SourceVersionDate "2017.10.13"]
[SourceQuality "1"]
[WhiteTeam "Switzerland"]
[BlackTeam "Vorarlberg"]
[WhiteTeamCountry "SUI"]
[BlackTeamCountry "AUT"]

1. e4 e6 2. d4 d5 3. Nc3 dxe4 4. Nxe4 Nd7 5. Nf3 Ngf6 6. Bd3 Nxe4 7. Bxe4 Nf6 8. Bd3 c5 9. dxc5 Bxc5 10. Qe2 0-0 11. Bg5 h6 12. h4 Qa5+ 13. Bd2 Bb4 14. c3 Bd6 15. c4 Bb4 16. 0-0-0 Bxd2+ 17. Rxd2 b5 18. g4 bxc4 19. Bxc4 Bb7 20. g5 Rac8 21. gxf6 Bxf3 22. Qxf3 Rxc4+ 23. Rc2 Rxc2+ 24. Kxc2 Qxa2 25. Qb7 Qc4+ 26. Kb1 Qd3+ 27. Ka1 Qd5 28. Qxd5 exd5 29. Re1 Rd8 30. Kb1 g6 31. Re7 Rd6 32. Rxa7 Rxf6 33. b4 Rf4 34. Rb7 Rxh4 35. Kb2 h5 36. Kb3 Rh1 37. Rc7 h4 38. Rc2 h3 39. Rb2 Rg1 40. f4 Rg2 41. Rb1 h2 42. Rh1 Kf8 43. b5 Ke7 0-1

[Event "Oberliga Wuerttemberg 1516"]
[Site "Wuerttemberg"]
[Date "2016.03.13"]
[Round "8.6"]
[White "Sokratov, Stanislav"]
[Black "Donev, Ivo Hristov"]
[Result "1-0"]
[WhiteElo "2186"]
[BlackElo "2331"]
[PlyCount "80"]
[EventDate "2015.09.20"]
[EventType "team-tourn"]
[EventRounds "9"]
[EventCountry "GER"]
[SourceTitle "EXT 2019"]
[Source "ChessBase"]
[SourceDate "2018.10.10"]
[SourceVersion "1"]
[SourceVersionDate "2018.10.10"]
[SourceQuality "1"]
[WhiteTeam "Erdmannhausen"]
[BlackTeam "Jedesheim"]
[WhiteTeamCountry "GER"]
[BlackTeamCountry "GER"]

1. d4 d5 2. Nf3 Nf6 3. e3 Bf5 4. c4 e6 5. Nc3 c6 6. Bd3 Bxd3 7. Qxd3 Nbd7 8. 0-0 Be7 9. e4 dxe4 10. Nxe4 Nxe4 11. Qxe4 0-0 12. Re1 Qa5 13. Bf4 Rad8 14. Qc2 Bf6 15. a3 Nb6 16. c5 Nd5 17. Bd6 Rfe8 18. Rad1 Rd7 19. Nd2 b5 20. Ne4 Qd8 21. Rd3 Be7 22. Rh3 h6 23. Be5 Bf6 24. Nd6 Rf8 25. Qd2 Bg5 26. f4 Bh4 27. Re4 f5 28. Re2 Be7 29. Re1 Bxd6 30. Bxd6 Re8 31. a4 b4 32. Rf3 Nf6 33. Qxb4 Ne4 34. Rxe4 fxe4 35. Re3 Qc8 36. Qc4 a5 37. Rxe4 Rb7 38. f5 Rxb2 39. fxe6 Rb1+ 40. Kf2 Rb4 1-0

[Event "Oberliga Wuerttemberg 0304"]
[Site "Wuerttemberg"]
[Date "2003.12.07"]
[Round "4.1"]
[White "Fritsch, Rolf"]
[Black "Donev, Ivo Hristov"]
[Result "1-0"]
[WhiteElo "2217"]
[BlackElo "2386"]
[PlyCount "79"]
[EventDate "2003.09.28"]
[EventType "team"]
[EventRounds "9"]
[EventCountry "GER"]
[SourceTitle "EXT 2006"]
[Source "ChessBase"]
[SourceDate "2005.11.24"]
[SourceVersion "1"]
[SourceVersionDate "2005.11.24"]
[SourceQuality "1"]
[WhiteTeam "Stuttgart II"]
[BlackTeam "Weiler im Allgaeu"]
[WhiteTeamCountry "GER"]
[BlackTeamCountry "GER"]

1. Nf3 d5 2. g3 c6 3. Bg2 Bg4 4. d4 Nd7 5. 0-0 e6 6. b3 Bd6 7. Bb2 Qc7 8. c4 Ngf6 9. Nc3 0-0 10. Rc1 Qd8 11. h3 Bh5 12. cxd5 exd5 13. Nh4 Re8 14. Qd3 Bg6 15. Nxg6 hxg6 16. Rfe1 Qe7 17. e4 dxe4 18. Nxe4 Bb4 19. Nxf6+ Qxf6 20. Re2 Qd6 21. Rd1 Rxe2 22. Qxe2 Nf6 23. Qe5 Rd8 24. Qxd6 Rxd6 25. Bf3 Nd5 26. a3 Ba5 27. Kf1 Kf8 28. Ke2 Bc3 29. Bc1 Nf6 30. Be3 Bb2 31. a4 Nd5 32. Kd3 Ba3 33. Bxd5 Rxd5 34. Kc4 Bd6 35. b4 a6 36. Rb1 Rh5 37. h4 b5+ 38. axb5 axb5+ 39. Kc3 Ke7 40. Ra1 1-0

[Event "Oberliga Wuerttemberg 0304"]
[Site "Wuerttemberg"]
[Date "2003.10.26"]
[Round "2.1"]
[White "Weigand, Bernhard"]
[Black "Donev, Ivo Hristov"]
[Result "1/2-1/2"]
[WhiteElo "2280"]
[BlackElo "2386"]
[PlyCount "33"]
[EventDate "2003.09.28"]
[EventType "team"]
[EventRounds "9"]
[EventCountry "GER"]
[SourceTitle "EXT 2006"]
[Source "ChessBase"]
[SourceDate "2005.11.24"]
[SourceVersion "1"]
[SourceVersionDate "2005.11.24"]
[SourceQuality "1"]
[WhiteTeam "Sindelfingen"]
[BlackTeam "Weiler im Allgaeu"]
[WhiteTeamCountry "GER"]
[BlackTeamCountry "GER"]

1. e4 c6 2. d4 d5 3. e5 Bf5 4. c4 e6 5. Nc3 dxc4 6. Bxc4 Nd7 7. Nge2 Nb6 8. Bb3 Ne7 9. Nf4 Ned5 10. Nfxd5 Nxd5 11. Nxd5 exd5 12. 0-0 Qd7 13. Be3 Be7 14. Bc2 Bxc2 15. Qxc2 0-0 16. f4 f5 17. Rac1 1/2-1/2

[Event "SUI-chT"]
[Site "Switzerland"]
[Date "2001.06.17"]
[Round "5.7"]
[White "Donev, Ivo Hristov"]
[Black "Allemann, Anton"]
[Result "1-0"]
[WhiteElo "2393"]
[BlackElo "2114"]
[PlyCount "61"]
[EventDate "2001.03.04"]
[EventType "team-tourn"]
[EventRounds "9"]
[EventCountry "SUI"]
[SourceTitle "EXT 2002"]
[Source "ChessBase"]
[SourceDate "2001.11.25"]
[SourceVersion "1"]
[SourceVersionDate "2001.11.25"]
[SourceQuality "1"]
[WhiteTeam "Zuerich"]
[BlackTeam "Riehen"]
[WhiteTeamCountry "SUI"]
[BlackTeamCountry "SUI"]

1. e4 c5 2. Nc3 Nc6 3. g3 g6 4. Bg2 Bg7 5. d3 d6 6. Be3 Rb8 7. f4 Qa5 8. Nge2 Bg4 9. 0-0 Bxe2 10. Qxe2 Bxc3 11. bxc3 Qxc3 12. e5 Nd4 13. Bxd4 Qxd4+ 14. Kh1 dxe5 15. c3 Qxc3 16. d4 e4 17. Qb5+ Kf8 18. dxc5 Nf6 19. Rac1 Qd3 20. Qb2 Kg7 21. Rfd1 Qa6 22. g4 e5 23. Rd6 Qa4 24. Qxe5 Rhe8 25. Qxf6+ Kg8 26. Qd4 Qxa2 27. Bxe4 Qe2 28. Bd5 Qxg4 29. Qf6 Rf8 30. Rg1 Qh5 31. Rd7 1-0

[Event "AUT-chT2W 0001"]
[Site "Austria"]
[Date "2001.01.12"]
[Round "6"]
[White "Dobosz, Henryk"]
[Black "Donev, Ivo Hristov"]
[Result "0-1"]
[WhiteElo "2381"]
[BlackElo "2385"]
[PlyCount "84"]
[EventDate "2000.??.??"]
[EventType "team"]
[EventRounds "9"]
[EventCountry "AUT"]
[SourceTitle "EXT 2002"]
[Source "ChessBase"]
[SourceDate "2001.11.25"]
[SourceVersion "1"]
[SourceVersionDate "2001.11.25"]
[SourceQuality "1"]

1. Nf3 d5 2. g3 Bg4 3. Bg2 Nd7 4. c4 e6 5. cxd5 exd5 6. 0-0 c6 7. d3 Bd6 8. Nc3 Ngf6 9. Qc2 0-0 10. b3 Ne5 11. Nxe5 Bxe5 12. e4 dxe4 13. dxe4 Qd4 14. Bb2 Rad8 15. Na4 Qd6 16. h3 Bc8 17. Rad1 Qe7 18. Bxe5 Qxe5 19. f4 Qe7 20. Kh2 g6 21. Rfe1 Rfe8 22. Nc3 Qc5 23. e5 Nd5 24. Bxd5 Rxd5 25. Rxd5 cxd5 26. Qd2 Be6 27. Na4 Qa3 28. Rc1 b5 29. Nc5 Rc8 30. Nd3 Rxc1 31. Nxc1 Bf5 32. Ne2 Qc5 33. Nd4 Bb1 34. g4 b4 35. f5 Qc7 36. Qf4 f6 37. fxg6 Qxe5 38. gxh7+ Kxh7 39. Kg3 Bxa2 40. Kf3 Bb1 41. Nc6 Qc3+ 42. Qe3 Qxc6 0-1

[Event "AUT-chT2W 9900"]
[Site "Austria"]
[Date "1999.10.15"]
[Round "1"]
[White "Dobosz, Henryk"]
[Black "Donev, Ivo Hristov"]
[Result "1-0"]
[WhiteElo "2376"]
[BlackElo "2394"]
[PlyCount "107"]
[EventDate "1999.10.15"]
[EventType "team"]
[EventRounds "11"]
[EventCountry "AUT"]
[SourceTitle "EXT 2000"]
[Source "ChessBase"]
[SourceDate "1999.11.16"]
[SourceVersion "1"]
[SourceVersionDate "1999.11.16"]
[SourceQuality "1"]

1. Nf3 d5 2. g3 c6 3. Bg2 Bg4 4. 0-0 Nd7 5. d3 e6 6. Nbd2 Bd6 7. e4 Ne7 8. d4 0-0 9. h3 Bxf3 10. Nxf3 Qb6 11. Qd3 dxe4 12. Qxe4 Nf6 13. Qd3 h6 14. Qb3 Qxb3 15. axb3 Ng6 16. c3 e5 17. dxe5 Nxe5 18. Nxe5 Bxe5 19. Rd1 Rad8 20. Be3 a6 21. Bb6 Rd7 22. Kf1 Re8 23. h4 Bb8 24. b4 Ree7 25. Bd8 Rxd1+ 26. Rxd1 Rd7 27. Rxd7 Nxd7 28. Bh3 Ne5 29. Bc8 b5 30. Bxa6 Kf8 31. b3 Bd6 32. Ke2 Ke8 33. Ba5 Kd7 34. c4 bxc4 35. Bxc4 f6 36. b5 Nxc4 37. bxc4 cxb5 38. cxb5 Ke6 39. Kd3 Kd5 40. Bb6 h5 41. Be3 g6 42. Kc3 Be7 43. Kb3 g5 44. Ka4 gxh4 45. gxh4 f5 46. Bg5 Bc5 47. f3 Bb6 48. Kb4 Kd4 49. Be7 Kd3 50. Bc5 Bd8 51. b6 Bxh4 52. Bd6 Bf2 53. b7 Ba7 54. Kb5 1-0

[Event "AUT-chT3 9899"]
[Site "Austria"]
[Date "1999.02.05"]
[Round "8"]
[White "Donev, Ivo Hristov"]
[Black "Doskocil, Klaus"]
[Result "1-0"]
[WhiteElo "2420"]
[BlackElo "2200"]
[PlyCount "81"]
[EventDate "1998.??.??"]
[EventType "team"]
[EventRounds "9"]
[EventCountry "AUT"]
[SourceTitle "EXT 2002"]
[Source "ChessBase"]
[SourceDate "2001.11.25"]
[SourceVersion "1"]
[SourceVersionDate "2001.11.25"]
[SourceQuality "1"]

1. e4 e6 2. d4 c5 3. c3 d5 4. exd5 Qxd5 5. Nf3 Nf6 6. Na3 Nc6 7. Nb5 Qd8 8. dxc5 Bxc5 9. Qxd8+ Kxd8 10. Bf4 Ne4 11. Rd1+ Bd7 12. Be3 Bxe3 13. fxe3 a6 14. Bd3 axb5 15. Bxe4 Ke7 16. a3 f5 17. Bd3 Na5 18. Ne5 Bc6 19. Nxc6+ bxc6 20. Rf1 Rhd8 21. e4 g6 22. exf5 gxf5 23. Rf4 Rg8 24. g3 Rad8 25. a4 bxa4 26. Rxa4 Nb3 27. Ra7+ Kf6 28. Rxh7 f4 29. Rh6+ Ke7 30. Bc4 Rxd1+ 31. Kxd1 Nc5 32. b4 fxg3 33. hxg3 Rg4 34. Be2 Rxg3 35. bxc5 Rxc3 36. Rh5 Kf6 37. Kd2 Ra3 38. Bd3 Ra4 39. Kc3 Rg4 40. Rh6+ Ke5 41. Bc4 1-0

[Event "SUI-chT"]
[Site "Switzerland"]
[Date "1999.??.??"]
[Round "2.6"]
[White "Cesareo, Fabio"]
[Black "Donev, Ivo Hristov"]
[Result "1/2-1/2"]
[WhiteElo "2124"]
[BlackElo "2401"]
[PlyCount "104"]
[EventDate "1999.01.??"]
[EventType "team-tourn"]
[EventRounds "9"]
[EventCountry "SUI"]
[SourceTitle "EXT 2001"]
[Source "ChessBase"]
[SourceDate "2000.11.22"]
[SourceVersion "1"]
[SourceVersionDate "2000.11.22"]
[SourceQuality "1"]

1. e4 e5 2. Nf3 Nc6 3. Bc4 Nf6 4. d3 Be7 5. c3 0-0 6. 0-0 d5 7. exd5 Nxd5 8. h3 a6 9. Re1 Nb6 10. Bb3 Bf6 11. Be3 Bf5 12. Bc2 Qd7 13. Na3 Nd5 14. Nc4 Rad8 15. Ncd2 Nxe3 16. Rxe3 Rfe8 17. Ne4 Be7 18. Ng3 Bd6 19. Nxf5 Qxf5 20. d4 Qh5 21. Nxe5 Qxd1+ 22. Rxd1 Bxe5 23. dxe5 Rxd1+ 24. Bxd1 Rxe5 25. Rxe5 Nxe5 26. Be2 Kf8 27. f4 Nd7 28. Bd3 Nc5 29. Bc2 Ne6 30. g3 h5 31. h4 Ke7 32. Kf2 Kf6 33. Ke3 g6 34. Be4 b6 35. b4 Ng7 36. Bd3 a5 37. a3 Nf5+ 38. Kf2 Ne7 39. Ke3 Nf5+ 40. Kf2 Nd6 41. Ke3 Ke6 42. c4 axb4 43. axb4 c6 44. Bf1 Nf5+ 45. Kf2 Nd4 46. Bd3 Nf5 47. Bf1 Nd6 48. Ke3 Ne8 49. Kd4 Ng7 50. Ke3 Kd6 51. Bd3 Ke6 52. Bf1 Nf5+ 1/2-1/2

[Event "AUT-chT3 9899"]
[Site "Austria"]
[Date "1998.10.23"]
[Round "3"]
[White "Donev, Ivo Hristov"]
[Black "Novkovic, Milan"]
[Result "1/2-1/2"]
[WhiteElo "2420"]
[BlackElo "2400"]
[PlyCount "27"]
[EventDate "1998.??.??"]
[EventType "team"]
[EventRounds "9"]
[EventCountry "AUT"]
[SourceTitle "EXT 2002"]
[Source "ChessBase"]
[SourceDate "2001.11.25"]
[SourceVersion "1"]
[SourceVersionDate "2001.11.25"]
[SourceQuality "1"]

1. e4 c5 2. Nf3 Nc6 3. d4 cxd4 4. Nxd4 Nf6 5. Nc3 d6 6. Bg5 Bd7 7. Qd2 a6 8. 0-0-0 Rc8 9. f4 b5 10. Nxc6 Bxc6 11. e5 dxe5 12. Qxd8+ Rxd8 13. Rxd8+ Kxd8 14. fxe5 1/2-1/2

[Event "SUI-chT"]
[Site "Switzerland"]
[Date "1998.09.06"]
[Round "5.6"]
[White "Herb, Pascal"]
[Black "Donev, Ivo Hristov"]
[Result "1/2-1/2"]
[WhiteElo "2345"]
[BlackElo "2420"]
[PlyCount "80"]
[EventDate "1998.03.29"]
[EventType "team-tourn"]
[EventRounds "9"]
[EventCountry "SUI"]
[SourceTitle "EXT 2006"]
[Source "ChessBase"]
[SourceDate "2005.11.24"]
[SourceVersion "1"]
[SourceVersionDate "2005.11.24"]
[SourceQuality "1"]

1. e4 e5 2. Nc3 Nc6 3. Bc4 Nf6 4. d3 Bb4 5. Bg5 h6 6. Bxf6 Bxc3+ 7. bxc3 Qxf6 8. Ne2 d6 9. 0-0 0-0 10. Qd2 Be6 11. Bb3 Bxb3 12. axb3 Qe6 13. Ng3 d5 14. f4 exf4 15. Qxf4 dxe4 16. Rae1 Qe5 17. Qxe5 Nxe5 18. Rxe4 f6 19. h4 Nc6 20. Rfe1 Kf7 21. h5 Rfe8 22. Nf5 Re5 23. Rxe5 Nxe5 24. Re4 Nc6 25. Kf2 Rd8 26. Ke3 Rd5 27. g4 Ra5 28. b4 Ra1 29. Rc4 a6 30. d4 Ke6 31. Nxg7+ Kd7 32. Nf5 Ne7 33. Nxe7 Re1+ 34. Kf4 Rxe7 35. Kf5 Rg7 36. d5 Kd6 37. Kxf6 Rg5 38. Rd4 b6 39. Rc4 Kxd5 40. Rd4+ Kc6 1/2-1/2

[Event "SUI-chT"]
[Site "Switzerland"]
[Date "1998.04.26"]
[Round "?"]
[White "Donev, Ivo Hristov"]
[Black "Giertz, Niklaus"]
[Result "1/2-1/2"]
[WhiteElo "2420"]
[BlackElo "2310"]
[PlyCount "37"]
[EventDate "1998.03.29"]
[EventType "team-tourn"]
[EventRounds "9"]
[EventCountry "SUI"]
[SourceTitle "CBM 064"]
[Source "ChessBase"]
[SourceDate "1998.06.02"]
[SourceVersion "1"]
[SourceVersionDate "1998.06.02"]
[SourceQuality "1"]

1. e4 e5 2. Nf3 Nf6 3. Nc3 Nc6 4. a3 d5 5. exd5 Nxd5 6. Bb5 Nxc3 7. bxc3 Bd6 8. d4 exd4 9. cxd4 0-0 10. 0-0 Bg4 11. c3 Qf6 12. Be2 Rfe8 13. Rb1 Rab8 14. h3 Bxh3 15. gxh3 Qe6 16. Bd3 Qxh3 17. Rb5 Qg4+ 18. Kh1 Qh3+ 19. Kg1 1/2-1/2

[Event "AUT-chT3 9798"]
[Site "Vorarlberg "]
[Date "1998.02.13"]
[Round "8"]
[White "Amann, Guenter"]
[Black "Donev, Ivo Hristov"]
[Result "0-1"]
[WhiteElo "2260"]
[BlackElo "2420"]
[PlyCount "94"]
[EventDate "1997.??.??"]
[EventType "team-tourn"]
[EventRounds "9"]
[EventCountry "AUT"]
[SourceTitle "EXT 1999"]
[Source "ChessBase"]
[SourceDate "1998.11.16"]
[SourceVersion "1"]
[SourceVersionDate "1998.11.16"]
[SourceQuality "1"]

1. Nf3 d5 2. c4 e6 3. d4 Nf6 4. g3 Be7 5. Bg2 0-0 6. 0-0 dxc4 7. Qc2 a6 8. Qxc4 b5 9. Qc2 Bb7 10. Bg5 Nbd7 11. Bxf6 Nxf6 12. Nbd2 Rc8 13. Nb3 c5 14. dxc5 Be4 15. Qc3 Bd5 16. Ne1 Bxg2 17. Nxg2 Ne4 18. Qe5 Nxc5 19. Rfd1 Qb6 20. Nxc5 Bxc5 21. e3 Be7 22. Nf4 Rc2 23. Nd5 exd5 24. Qxe7 Qe6 25. Qg5 Rxb2 26. Qxd5 Qf6 27. Rf1 Rxf2 28. e4 Rxf1+ 29. Rxf1 Qb6+ 30. Kg2 h6 31. e5 Qe6 32. Qxe6 fxe6 33. Rc1 Rd8 34. Rc2 Rd5 35. Re2 Kf7 36. Kf3 Rd3+ 37. Ke4 Rc3 38. Rd2 Ke7 39. Kf4 a5 40. h4 b4 41. Rb2 Kd7 42. Rd2+ Kc7 43. Rd6 Rc6 44. Rd2 a4 45. Kg4 b3 46. axb3 axb3 47. Rb2 Rb6 0-1

[Event "Landesliga Nord 9798"]
[Site "Bayern"]
[Date "1998.??.??"]
[Round "?.1"]
[White "Donev, Ivo Hristov"]
[Black "Kreuzer, Martin"]
[Result "1/2-1/2"]
[WhiteElo "2400"]
[BlackElo "2355"]
[PlyCount "71"]
[EventDate "1997.10.19"]
[EventType "team-tourn"]
[EventRounds "9"]
[EventCountry "GER"]
[SourceTitle "EXT 2020"]
[Source "ChessBase"]
[SourceDate "2019.10.17"]
[SourceVersion "1"]
[SourceVersionDate "2019.10.17"]
[SourceQuality "1"]
[WhiteTeam "Regensburg DJK II"]
[BlackTeam "Kelheim"]
[WhiteTeamCountry "GER"]
[BlackTeamCountry "GER"]

1. e4 e5 2. Nf3 Nc6 3. Bb5 a6 4. Bxc6 dxc6 5. Nc3 Qd6 6. d4 exd4 7. Qxd4 Bg4 8. Be3 Bxf3 9. gxf3 Qxd4 10. Bxd4 f6 11. f4 Kf7 12. h4 Bd6 13. Be3 h5 14. f5 Ne7 15. Ke2 Rhe8 16. f4 Bb4 17. Nd1 Nc8 18. Nf2 Nd6 19. a3 Ba5 20. Rad1 Red8 21. Rd3 Nc4 22. Rhd1 Rxd3 23. Rxd3 Re8 24. Rd7+ Kg8 25. Bd4 c5 26. Bc3 Bxc3 27. bxc3 Nxa3 28. Rxc7 b6 29. Ra7 a5 30. Rb7 Nc4 31. Kd3 Nb2+ 32. Kd2 Nc4+ 33. Kd3 Nb2+ 34. Ke2 Nc4 35. Kd3 Nb2+ 36. Ke2 1/2-1/2

[Event "Bern Ambassador op"]
[Site "Bern"]
[Date "1997.12.??"]
[Round "6"]
[White "Barbero, Gerardo F"]
[Black "Donev, Ivo Hristov"]
[Result "1-0"]
[WhiteElo "2435"]
[BlackElo "2410"]
[PlyCount "34"]
[EventDate "1997.12.??"]
[EventType "swiss"]
[EventRounds "7"]
[EventCountry "SUI"]
[SourceTitle "CBM 062"]
[Source "ChessBase"]
[SourceDate "1998.01.31"]
[SourceVersion "1"]
[SourceVersionDate "1998.01.31"]
[SourceQuality "1"]

1. d4 d5 2. c4 Bf5 3. cxd5 Bxb1 4. Qa4+ c6 5. Rxb1 Qxd5 6. Nf3 Nd7 7. a3 Qe4 8. Ra1 e5 9. Qb3 exd4 10. Qxf7+ Kxf7 11. Ng5+ Kg6 12. Nxe4 Ngf6 13. Nxf6 Nxf6 14. e4 dxe3 15. Bxe3 Nd5 16. Bd3+ Kf7 17. Bc4 Be7 1-0

[Event "Bern Ambassador op"]
[Site "Bern"]
[Date "1997.12.??"]
[Round "3"]
[White "Donev, Ivo Hristov"]
[Black "Cochet, Jean Daniel"]
[Result "1-0"]
[WhiteElo "2403"]
[BlackElo "2074"]
[PlyCount "115"]
[EventDate "1997.12.??"]
[EventType "swiss"]
[EventRounds "7"]
[EventCountry "SUI"]
[SourceTitle "EXT 1999"]
[Source "ChessBase"]
[SourceDate "1998.11.16"]
[SourceVersion "1"]
[SourceVersionDate "1998.11.16"]
[SourceQuality "1"]

1. e4 d5 2. exd5 Qxd5 3. Nc3 Qa5 4. d4 c6 5. Nf3 Nf6 6. Ne5 Nbd7 7. Nc4 Qc7 8. Qf3 Nb6 9. Bf4 Qd8 10. Be5 Be6 11. Ne3 Nbd5 12. Ncxd5 Nxd5 13. Bd3 f6 14. Bg3 Nb4 15. Be4 Bd5 16. 0-0 Bxe4 17. Qxe4 Nd5 18. Nf5 Kf7 19. Rfe1 Qd7 20. c4 g6 21. cxd5 gxf5 22. dxc6 fxe4 23. cxd7 Rd8 24. Rxe4 Rxd7 25. Rae1 Bh6 26. f3 Rc8 27. R4e2 Rc1 28. Rxc1 Bxc1 29. Bf2 Rc7 30. Be1 Rc4 31. Bc3 Bf4 32. Kf2 Bd6 33. g3 b5 34. Ke3 Rc8 35. Kd3 Rd8 36. Ba5 Rd7 37. Ke4 Ke6 38. d5+ Kf7 39. Rc2 Kg6 40. g4 Rb7 41. f4 Rb8 42. Rc6 Rb7 43. h4 h6 44. h5+ Kf7 45. Bd2 Rb8 46. Be3 Rb7 47. Rc8 b4 48. b3 Rb5 49. Ra8 a5 50. Ra6 Bc7 51. g5 hxg5 52. fxg5 fxg5 53. Bxg5 Bd6 54. Be3 Kg7 55. Rb6 Rxb6 56. Bxb6 Kh6 57. Bxa5 Kxh5 58. Kd4 1-0

[Event "AUT-chT3 9798"]
[Site "Vorarlberg "]
[Date "1997.10.17"]
[Round "2"]
[White "Elkuch, Harald"]
[Black "Donev, Ivo Hristov"]
[Result "0-1"]
[WhiteElo "2180"]
[BlackElo "2410"]
[PlyCount "72"]
[EventDate "1997.??.??"]
[EventType "team-tourn"]
[EventRounds "9"]
[EventCountry "AUT"]
[SourceTitle "EXT 1999"]
[Source "ChessBase"]
[SourceDate "1998.11.16"]
[SourceVersion "1"]
[SourceVersionDate "1998.11.16"]
[SourceQuality "1"]

1. d4 d5 2. Nf3 Nf6 3. c4 e6 4. Bg5 Be7 5. e3 h6 6. Bh4 0-0 7. Nc3 b6 8. cxd5 Nxd5 9. Bxe7 Qxe7 10. Nxd5 exd5 11. Qb3 Be6 12. Ne5 c5 13. Be2 Nd7 14. Nxd7 Qxd7 15. 0-0 c4 16. Qd1 b5 17. Rc1 Rac8 18. a3 a5 19. Qd2 Qa7 20. Rfe1 Rfd8 21. Bf1 Qb6 22. e4 dxe4 23. Rxe4 b4 24. g3 Rd6 25. Qf4 c3 26. axb4 axb4 27. d5 g5 28. Qe5 Rxd5 29. Qf6 Rf5 30. Qxh6 Qxf2+ 31. Kh1 Bd5 32. Bg2 Qd2 33. Rg1 c2 34. Qh3 Qxg2+ 35. Qxg2 c1Q 36. h4 Qc2 0-1

[Event "AUT-chT2 9697"]
[Site "Austria"]
[Date "1997.10.??"]
[Round "?"]
[White "Almasi, Istvan"]
[Black "Donev, Ivo Hristov"]
[Result "1/2-1/2"]
[WhiteElo "2425"]
[BlackElo "2400"]
[PlyCount "46"]
[EventDate "1996.??.??"]
[EventType "team"]
[EventRounds "9"]
[EventCountry "AUT"]
[SourceTitle "CBM 057 Extra"]
[Source "ChessBase"]
[SourceDate "1997.05.01"]
[SourceVersion "1"]
[SourceVersionDate "1997.05.01"]
[SourceQuality "1"]

1. d4 d5 2. c4 e6 3. Nf3 Nf6 4. g3 Be7 5. Bg2 0-0 6. 0-0 dxc4 7. Qc2 a6 8. Qxc4 b5 9. Qc2 Bb7 10. Bd2 Be4 11. Qc1 b4 12. Bg5 Nbd7 13. Nbd2 Bd5 14. Ne5 Bxg2 15. Kxg2 c5 16. Nc6 Qe8 17. Bxf6 Nxf6 18. Nxe7+ Qxe7 19. Qxc5 Qb7+ 20. Nf3 Rfc8 21. Qe5 Rc2 22. Rfc1 Rac8 23. Rxc2 Rxc2 1/2-1/2